Structural dynamics: an introduction to computer methods

Saved in:
Bibliografiske detaljer
Hovedforfatter: Craig, Roy R (Author)
Format: Bog
Sprog:engelsk
Udgivet: Nueva York John Wiley 1981
Fag:
Tags: Tilføj Tag
Ingen Tags, Vær først til at tagge denne postø!

MARC

LEADER 00000nam a2200000 a 4500
001 UCP2156
003 CL-VaPUC
008 990507e19810000US |||||||||||||||||eng|d
082 0 4 |a 624.171  |b CRA  |2 21 
100 0 |a Craig, Roy R  |e author  |9 428664 
245 1 0 |a Structural dynamics: an introduction to computer methods 
300 |a 527 p 
942 |c BK 
945 |d 19990507 00:00:00  |a cmena 
260 |a Nueva York  |b John Wiley  |c 1981 
650 0 |a Dinámica  |9 260136 
650 0 |a Análisis estructural dinámico   |9 428663 
650 0 |a Elementos estructurales  |9 350100 
650 0 |a Propiedades mecánicas   |9 262507 
650 7 |a METODOS ANALITICOS  |2 CL-VaPUC  |9 358863 
650 0 |a Ingeniería mecánica   |9 262089 
583 |a last modification  |c 19990507 00:00:00  |k Rodrigo Vera 
999 |c 280738  |d 280736